000 00740nam a22001697a 4500
005 20241009141845.0
008 241009b ||||| |||| 00| 0 eng d
040 _cSSBUL
082 _223
_a294.3368 ပ
_b၁၃၀၇၂ S-SAT
100 0 _aပဂျီငို၊ ဦး
245 1 _aမြန်မာ့အကျိုး နှင့်ကမ္ဘာ့အကျိုး /
_cဦးပဂျီငို။
260 _aရန်ကုန် ၊
_bအသိုင်းဝိုင်းစာပေ၊
_c၁၉၉၇။
300 _a၇၂ စာမျက်နှာ ၊
_c၁၈ စင်တီ။
500 _aS-SAT: Dr. Sai Aung Tun
650 _aဗုဒ္ဓဘာသာ
_xဆောင်းပါး
942 _2ddc
_cBK1
999 _c40957
_d40957